Informe final del Ejercicio Profesional Supervisado, realizado en el Liceo DR. Ricardo Bressani Cobán, Alta Verapaz/ (Registro nro. 1842)

Detalles MARC
000 -LEADER
campo de control de longitud fija 02759nam a22003137i 4500
001 - NÚMERO DE CONTROL
campo de control TCPA 6
003 - IDENTIFICADOR DE NÚMERO DE CONTROL
campo de control gtcocun
005 - FECHA Y HORA DE LA ÚLTIMA TRANSACCIÓN
campo de control 20250913010416.0
006 - CÓDIGOS DE INFORMACIÓN DE LONGITUD FIJA--CARACTERÍSTICAS DEL MATERIAL ADICIONAL
campo de control de longitud fija a||||gr|||| 00| 0
008 - DATOS DE LONGITUD FIJA--INFORMACIÓN GENERAL
campo de control de longitud fija 250913b2013 gt ||||| m||| 00| 0 eng d
040 ## - FUENTE DE CATALOGACIÓN
Centro catalogador/agencia de origen gtcocun
Lengua de catalogación SPA
Centro/agencia transcriptor gtcocun
Normas de descripción RDA
041 ## - CÓDIGO DE IDIOMA
Código de lengua del texto/banda sonora o título independiente SPA
084 ## - OTRO NÚMERO DE CLASIFICACIÓN
Número de control del registro de autoridad o número normalizado TCPA 6
100 ## - ENTRADA PRINCIPAL--NOMBRE DE PERSONA
Nombre de persona Prado Medina, Cristy Rufina
Término indicativo de función/relación Autor
245 ## - MENCIÓN DEL TÍTULO
Título Informe final del Ejercicio Profesional Supervisado, realizado en el Liceo DR. Ricardo Bressani Cobán, Alta Verapaz/
Mención de responsabilidad, etc. Cristy Rufina Prado Medina
Medio Impreso
264 ## - PRODUCCIÓN, PUBLICACIÓN, DISTRIBUCIÓN, FABRICACIÓN Y COPYRIGHT
Producción, publicación, distribución, fabricación y copyright Cobán, Alta Verapaz:
Nombre del de productor, editor, distribuidor, fabricante Universidad de San Carlos de Guatemala, Centro Universitario del Norte, Licenciatura en Contaduría Pública y Auditoría.
Fecha de producción, publicación, distribución, fabricación o copyright 2013
300 ## - DESCRIPCIÓN FÍSICA
Extensión 35 p.:
Otras características físicas Ilustraciones, gráficas.
Dimensiones 28 cm; PDF
336 ## - TIPO DE CONTENIDO
Fuente rdacontenido
Término de tipo de contenido Texto
Código de tipo de contenido txt
337 ## - TIPO DE MEDIO
Fuente rdamedio
Nombre/término del tipo de medio Computadora
Código del tipo de medio n
338 ## - TIPO DE SOPORTE
Fuente rdasoporte
Nombre/término del tipo de soporte Código en línea
Código del tipo de soporte cr
502 ## - NOTA DE TESIS
identificador de la tesis .
502 ## - NOTA DE TESIS
Nota de tesis Tesis de grado
Tipo de título Licenciatura en Contaduría Pública y Auditoría.
Nombre de la institución que otorga el título Universidad de San Carlos de Guatemala, Centro Universitario del Norte,
Año de obtención del título 2013
Identificador de la tesis TCPA 6
520 14 - RESUMEN, ETC.
Sumario, etc. El Ejercicio Profesional Supervisado –EPS-, fue realizado en el centro<br/>educativo privado Liceo Dr. Ricardo Bressani. La actividad económica principal<br/>que desarrolla esta casa de estudios, es la formación académica de niños y<br/>jóvenes en edad escolar.<br/><br/>Como etapa inicial, se realizó un diagnóstico en el centro educativo a<br/>través de un proceso investigativo del que se obtuvo el conocimiento de la<br/>estructura orgánica de la entidad, así como de las actividades administrativas<br/>que realiza. Se identificaron las debilidades o problemáticas en la dirección<br/>técnica-administrativa, mismas que fueron priorizadas de acuerdo a su<br/>importancia para su adecuada solución.<br/><br/>Se elaboró un plan de trabajo, en el cual se describió el proceso y<br/>tratamiento para cada problemática.<br/><br/>Las acciones realizadas fueron las siguientes:<br/><br/>Con respecto a la desactualización contable que presentaba el centro<br/>educativo, se procedió a actualizar los registros contables del año 2007 al 2010<br/>logrando con este trabajo un 80% de avance.<br/><br/>Se procedió a la revisión de las declaraciones del Impuesto al Valor<br/>Agregado –IVA- del año 2007 al 2012, y se presentó a la administración del<br/>centro educativo, una carta con el contenido de los resultados de este trabajo.
650 14 - PUNTO DE ACCESO ADICIONAL DE MATERIA--TÉRMINO DE MATERIA
Fuente del encabezamiento o término LEMB
Término de materia o nombre geográfico como elemento de entrada Cobán, Alta Verapaz
Subdivisión general Estados financieros
-- Manual contable
-- sistema computalizado
700 ## - ENTRADA AGREGADA--NOMBRE PERSONAL
Nombre de persona Lic. Cont. Pub. y Aud. Obdulio Ottoniel León Pacay
Término indicativo de función/relación Asesor
856 ## - LOCALIZACIÓN Y ACCESO ELECTRÓNICOS
Identificador Uniforme de Recurso <a href="https://drive.google.com/file/d/1oPhhuG4Vdw9EWFqegqGa_uhnnmGU_tmj/view?usp=sharing">https://drive.google.com/file/d/1oPhhuG4Vdw9EWFqegqGa_uhnnmGU_tmj/view?usp=sharing</a>
Texto de enlace PDF
Nota pública Un ejemplar en línea.
942 ## - ELEMENTOS DE ENTRADA SECUNDARIOS (KOHA)
Fuente de la clasificación o esquema de estantería Clasificación Decimal Dewey
Tipo de ítem Koha TESIS
Parte de la signatura que identifica el ejemplar (Parte del ítem) TCPA_6
Prefijo de la signatura Clasificación
Suprimir en OPAC No
-- TCPA__6
Existencias
Estatus retirado Estado de pérdida Fuente de la clasificación o esquema de estantería Estado de daño No para préstamo Colección Biblioteca de origen Biblioteca actual Ubicación en estantería Fecha de adquisición Número de inventario Total de préstamos Signatura topográfica completa Código de barras Visto por última vez Precio de reemplazo Tipo de ítem Koha
    Clasificación Decimal Dewey     tesis BIBLIOTECA- CUNOR -JOSÉ LUIS GONZALES ROSALES BIBLIOTECA- CUNOR -JOSÉ LUIS GONZALES ROSALES Colección tesis 13/09/2025 TCPA 06   TCPA 06 TCPA 06 13/09/2025 13/09/2025 TESIS